Busca e Apreensão (Record no. 130614)

MARC details
000 -LÍDER
campo de controle de tamanho fixo 00612 a2200205 4500
001 - NÚMERO DE CONTROLE
campo de controle 130614
020 ## - ISBN - INTERNATIONAL STANDARD BOOK NUMBER
ISBN - International Standard Book Number 85-224-2118-8
040 ## - FONTE DA CATALOGAÇÃO
Instituição que transcreveu o registro Leonardo Da Vinci
041 ## - CÓDIGO DE IDIOMA
Código do idioma do texto/trilha sonora ou título diferente Português
082 ## - CDD - CLASSIFICAÇÃO DECIMAL DE DEWEY
Número de Classificação 346.0102 P894b
Número do exemplar P894b
100 ## - ENTRADA PRINCIPAL--NOME PESSOAL
Nome pessoal PÓVOA, José Liberato Costa
245 ## - TÍTULO
Título Busca e Apreensão
Restante do título teoria, prática, jurisprudência
250 ## - EDIÇÃO
Edição 3.ed
260 ## - PUBLICAÇÃO, DISTRIBUIÇÃO, ETC.
Nome do editor, distribuidor, etc. Saraiva
Data da publicação, distribuição, etc. 1999
Local de publicação, distribuição, etc. São Paulo
300 ## - DESCRIÇÃO FÍSICA
Extensão 154
362 ## - DATAS DE PUBLICAÇÃO E/OU DESIGNAÇÃO SEQUENCIAL
Datas de publicação e/ou designação sequencial 19990000
500 ## - NOTA GERAL
Nota geral José Roberto Ferreira Gouvêa (Colaboração)
697 ## - ENTRADA DE ASSUNTO LOCAL--ENTIDADE COLETIVA (RLIN)
Nome corporativo ou nome da jurisdição Direito Civil
-- Busca
-- Apreensão
-- Medida Cautelar
-- Petições diversas
-- Brasil
-- FIPEN
942 ## - ELEMENTOS DE ENTRADA ADICIONADOS (KOHA)
Tipo de material Koha Livros
Holdings
Situação do descarte Situação das perdas Situação física Não pode ser emprestado Biblioteca de origem Biblioteca atual Data de aquisição Total de empréstimos Número de chamada completo Código de barras Data de último acesso Data do preço efetivo Tipo de material Koha
        Leonardo Da Vinci - Osasco Leonardo Da Vinci - Osasco 27/03/2024   346.0102 P894b O000364 27/03/2024 27/03/2024 Livros